LEADER 01111nam0 22002531i 450 001 UON00393939 005 20231205104625.321 100 $a20110614d1950 |0itac50 ba 101 $aeng 102 $aUS 105 $a|||| ||||| 200 1 $aAspects of the principate of Tiberius$ehistorical comments on the colonial coinage issued outside Spain$fby Michael Grant 210 $aNew York$cAmerican Numismatic Society$d1950 215 $axviii, 199 p., 8 p. di tav.$d23 cm 316 $adono Breglia$5IT-UONSI JFONDO BREGLIAGRA/002 410 1$1001UON00012884$12001 $aNumismatic Notes and Monographs$fThe American Numismatic Society$v116 620 $aUS$dNew York$3UONL000050 700 1$aGRANT$bMichael$3UONV026577$036652 801 $aIT$bSOL$c20240220$gRICA 899 $aSIBA - SISTEMA BIBLIOTECARIO DI ATENEO$2UONSI 912 $aUON00393939 950 $aSIBA - SISTEMA BIBLIOTECARIO DI ATENEO$dSI J FONDO BREGLIA GRA 002 $eSI MC 33855 7 002 dono Breglia 996 $aAspects of the principate of Tiberius$9535710 997 $aUNIOR